|
|
|
|
| LEADER |
00000nam0a2200000 4500 |
| 001 |
309817 |
| 005 |
20231102002228.0 |
| 020 |
|
|
|a RU
|b 81-95710
|
| 035 |
|
|
|a (RuTPU)RU\TPU\book\335156
|
| 090 |
|
|
|a 309817
|
| 100 |
|
|
|a 20151118d1981 km y0rusy5003 ca
|
| 101 |
0 |
|
|a rus
|
| 102 |
|
|
|a RU
|
| 105 |
|
|
|a y z 000zy
|
| 200 |
1 |
|
|a Переустройство жилищного фонда
|f В. И. Бабакин
|
| 210 |
|
|
|a Москва
|c Стройиздат
|d 1981
|
| 215 |
|
|
|a 79 с.
|c граф.
|
| 606 |
1 |
|
|a Здания и постройки
|x Ремонт
|2 stltpush
|3 (RuTPU)RU\TPU\subj\11591
|9 38512
|
| 610 |
1 |
|
|a жилые здания
|
| 610 |
1 |
|
|a капитальный ремонт
|
| 610 |
1 |
|
|a реконфигурация
|
| 610 |
1 |
|
|a жилищный фонд
|
| 610 |
1 |
|
|a технико-экономическая оценка
|
| 610 |
1 |
|
|a физический износ
|
| 610 |
1 |
|
|a экономическая эффективность
|
| 610 |
1 |
|
|a проектные решения
|
| 675 |
|
|
|a 69.059.3
|z rus
|v 3
|
| 686 |
|
|
|a 38.683
|2 rubbk
|
| 700 |
|
1 |
|a Бабакин
|b В. И.
|g Виктор Иванович
|4 070
|
| 801 |
|
0 |
|a RU
|b RuMRKP
|c 19950704
|g psbo
|
| 801 |
|
1 |
|a RU
|b 63413507
|c 20151118
|
| 801 |
|
2 |
|a RU
|b 63413507
|c 20190909
|g RCR
|
| 942 |
|
|
|c BK
|